8. Uluslararası İstanbul şiir festivali Şiiristanbul = 8. Istanbul Internatıonal poetry festıval Poetıstanbul (Record no. 5216)
[ view plain ]
| 000 -BAŞLIK | |
|---|---|
| Sabit Uzunlukta Kontrol Alanı | 01086na a2200277 4500 |
| 001 - KONTROL NUMARASI | |
| Denetim Alanı | 16098 |
| 003 - KONTROL NUMARASI IDENTIFIER | |
| Denetim Alanı | MIRAKIL |
| 005 - SON İŞLEM TARİHİ VE ZAMANI | |
| Denetim Alanı | 20181213155030.0 |
| 008 - SABİT-BOY VERİ ELEMANLARI - GENEL BİLGİLER | |
| Sabit Uzunlukta Kontrol Alanı | 161013b tu 000 0 |
| 035 ## - SİSTEM KONTROL NUMARASI | |
| Sistem Kontrol Numarası | 16098 |
| 040 ## - KATALOGLAMA KAYNAK | |
| Orijinal Kataloglama Ajansı | Milas |
| Kataloglama Dili | tur |
| Metne Dönüştürmek Ajansı | TR-AnCHP |
| 041 ## - DİL KODU | |
| Metin / Ses Parça Veya Ayrı Başlığın Dil Kodu | tur |
| -- | eng |
| -- | ara |
| -- | rus |
| 082 ## - DEWEY ONLU SINIFLANDIRMA NUMARASI | |
| Sınıflandırma Numarası | 809.89 |
| Ürün Numarası | U48s 2013 |
| 090 ## - SINIFLAMA NUMARASI | |
| Sınıflama Numarası | 809.89 U48s 2013 |
| 111 ## - ANA GİRİŞ - TOPLANTI ADI | |
| Giriş Elemanı Olarak Toplantı Adı Veya Yargı Alanı Adı | Uluslararası İstanbul Şiir Festivali |
| Toplantının Yeri | İstanbul |
| Toplantı Veya Antlaşma İmzalandığı Tarihi | 2013 |
| Bölüm / Bölüm / Toplantı Sayısı | 8. |
| 245 ## - BAŞLIK TABLOSU | |
| Başlık | 8. Uluslararası İstanbul şiir festivali Şiiristanbul = 8. Istanbul Internatıonal poetry festıval Poetıstanbul |
| Başlığın Kalan | Şiir hayatı yener! = Poetry prevails over life! |
| -- | 1 Haziran-4 Haziran 2013 = 1 June-4 June 2013 |
| Sorumluluk Tablosu, Vb | [Şiir İstanbul Festival Düzenleme Kurulu] |
| 246 ## - UNVAN FORM VARYING | |
| Başlık Doğru / Kısa Başlığı | Şiir İstanbul |
| 246 ## - UNVAN FORM VARYING | |
| Başlık Doğru / Kısa Başlığı | Poetry prevails over life! |
| 246 ## - UNVAN FORM VARYING | |
| Başlık Doğru / Kısa Başlığı | Şiiristanbul = Poetistanbul |
| 260 ## - YAYIN, DAĞITIM, VB | |
| Yayın, Dağıtım, Vb Yeri | İstanbul |
| Yayıncı, Dağıtıcı, Vs Adı | [yay.y.] |
| Yayın, Dağıtım, Vb Tarihi | 2013 |
| 300 ## - FİZİKSEL TANIM | |
| Kapsam | 221 s. |
| Diğer Fiziksel Ayrıntıları | ftg. |
| Boyutlar | 28 sm. |
| 500 ## - GENEL NOT | |
| Genel Not | Türkçe, Arapça, Rusça ve İngilizce dillerini içermektedir. |
| 651 ## - KONU KATMA GİRİŞ - COĞRAFİ ADI | |
| Coğrafi İsim | Şiirler |
| Genel Alt Bölümü | Seçkiler |
| Kronolojik Alt Bölümü | Toplantılar |
| 942 ## - EKLENDİ GİRİŞ ELEMANLARI (KOHA) | |
| Sınıflandırma Veya Raf Düzeni Kaynak | Dewey Decimal Classification |
| Koha Öğesi Türü | Books |
| 999 ## - SİSTEM KONTROL NUMARALARI (KOHA) | |
| Koha Biblionumber | 5216 |
| Koha Biblioitemnumber | 5216 |
| 657 ## - INDEX SÜRE - İŞLEVİ | |
| -- | Şiir festivali |
| -- | İstanbul |
| Kalıcı Konum | Mevcut Konum | Edinme Tarihi | Edinim Kaynak | Toplam Check-Out'Lar | Tam Çağrı Numarası | Barkod | Tarih Son Görülme | İtibaren Geçerli Fiyatlar | Koha Öğesi Türü |
|---|---|---|---|---|---|---|---|---|---|
| CHP Kütüphanesi | CHP Kütüphanesi | 09/29/2016 | Bağış | 809.89 U48s 2013 | 004669 | 09/29/2016 | 09/29/2016 | Books |
